¡Los actores son un asco! / (Record no. 78666)

MARC details
000 -LEADER
campo de control de longitud fija 00655nam a2200205 i 4500
001 - NÚMERO DE CONTROL
campo de control 78666
003 - IDENTIFICADOR DE NÚMERO DE CONTROL
campo de control ES-MaACL
005 - FECHA Y HORA DE LA ÚLTIMA TRANSACCIÓN
campo de control 20250605154043.0
007 - CAMPO FIJO DE DESCRIPCIÓN FÍSICA--INFORMACIÓN GENERAL
campo de control de longitud fija t|
008 - DATOS DE LONGITUD FIJA--INFORMACIÓN GENERAL
campo de control de longitud fija 041015s1955 sp ||||1| spa d
100 1# - ENTRADA PRINCIPAL--NOMBRE DE PERSONA
Nombre de persona Hecht, Ben.
9 (RLIN) 62269
245 15 - MENCIÓN DEL TÍTULO
Título ¡Los actores son un asco! /
Mención de responsabilidad, etc. Ben Hecht ; [traducción del inglés por Eduardo de Guzmán].
260 ## - PUBLICACIÓN, DISTRIBUCIÓN, ETC.
Lugar de publicación, distribución, etc. Madrid :
Nombre del editor, distribuidor, etc. Aguilar,
Fecha de publicación, distribución, etc. 1955 (
Fabricante Narto)
300 ## - DESCRIPCIÓN FÍSICA
Extensión 407 p., 1 lám. :
Otras características físicas retr. aut. ;
Dimensiones 12 cm.
490 1# - MENCIÓN DE SERIE
Mención de serie Crisol ;
Designación de volumen o secuencia 220 bis
700 1# - ENTRADA AGREGADA--NOMBRE PERSONAL
Nombre de persona Guzmán, Eduardo de,
Fechas asociadas al nombre 1908-1991
9 (RLIN) 61283
830 0# - PUNTO DE ACCESO ADICIONAL DE SERIE-TÍTULO UNIFORME
Título uniforme Crisol ;
Designación de volumen o secuencia 220 bis
9 (RLIN) 180848
852 ## - LOCALIZACIÓN
Ubicación ES-MaACL
Número de control de estantería C-10147
Sublocalización o colección R.37539
Holdings
Estatus retirado Estado de pérdida Estado de daño No para préstamo Biblioteca de origen Biblioteca actual Ubicación en estantería Fecha de adquisición Fuente de adquisición Total de préstamos Signatura topográfica completa Código de barras Visto por última vez Precio de reemplazo Tipo de ítem Koha
        Biblioteca del Ateneo de Madrid Biblioteca del Ateneo de Madrid Sala Palomar 17/01/2008     C-10147 1082277 23/02/2023 23/02/2023 Libro impreso